000 00734nam a2200265Ia 4500
003 OSt
005 20221006161017.0
006 a|||||r|||| 00| 0
007 ta
008 221006b |||||||| |||| 00| 0 eng d
020 _a9791156620440
024 _a47,109
037 _cTextual
040 _aEASL
_cEASL
_beng
041 _2eng
_aeng
082 _aO495,3N68,1, 111Q4
100 _aMIN-GYU Park
_9675157
245 0 _aDinner with buffett.
260 _aSeoul
_bAsia Publishers Korea
_c2014
300 _a94p.
_ccm.
490 _v KEL
_aK-Fiction
700 _a SEUNG-HEE JEON Tr.
_9675703
942 _hO495,3N68,1, 111Q4
_cTEXL
_2CC
999 _c1115197
_d1115197